000 00398nam a22001577a 4500
003 MPLRDC
005 20220104124333.0
008 210129b ||||| |||| 00| 0 eng d
082 _a738.6 CCH
100 _a陈昌豪编著
245 _a马来亚历史名人传
_c
260 _a
_b吉隆坡文化供应社
_c1958
300 _b
650 _a东南亚--马来西亚
942 _cBK
_o738.6 CCH
999 _c18534
_d18524